01202nam a2200337 i 4500001000700000003000900007005001700016007000300033008004100036080001500077080001100092080001600103080001600119100003900135245014600174250001300320260005600333300002200389490002400411500002900435500002000464610003400484610005600518650002800574650003000602700002600632830003200658852003300690999001900723952012200742106085ES-MaACL20250727033926.0t|060925s1969 fr ||||1| fre d a327.323.31 a330.85 a329(47)KPSS a330.85(510)1 aTrotsky, Leon, d1879-1940924035012aL'International communiste après Lénine ou Le grand organisateurs des défaites / cpar Léon Trotsky ; notes et index de Pierre Frank. a1er. ed. aParis : bPresses Universitaires de France, c1969. a596 p. ; c18 cm.1 aA la pensée ; v8 aBiblioteca Juan Andrade. aEs el tomo 2º.24aInternacional Comunista9526027aKommunisticheskaia partiia Sovetskogo Soiuza.95439 7aComunismo2embne911211 4aComunismo-zChina.9112151 aFrank, Pierre.9523110 aA la pensée ; v89185159 aES-MaACLjAND-811 bR.110103 c106085d106085 00104070aATENEOMbATENEOMcDEPO2d2008-01-17eSCl0oAND-811p1110748r2023-02-23 00:00:00w2023-02-23yMONOGRAFIA